La ProfesionalizaciÛn de la administraciÛn pública : un desafio permanente /

Detalles Bibliográficos
Autor principal: Monje, Pablo
Formato: Analitica de revista
Lenguaje:español

MARC

LEADER 00000cab a2200000 a 4500
001 031369
003 UAHC_CL
005 20170803123339.0
008 051129b xx j 000 1 spa
040 |a UAHC_CL  |c UAHC_CL  |d UAHC_CL 
100 1 |a Monje, Pablo 
245 1 3 |a La ProfesionalizaciÛn de la administraciÛn pública :  |b un desafio permanente /  |c Pablo Monje. 
900 |a ENFOQUES-04/05 
942 |c REVA 
952 |0 0  |1 0  |4 0  |6 ENFOQUES_04_05_000000000000000  |7 0  |8 General  |9 61320  |a BC  |b BC  |c General  |d 2017-08-03  |l 0  |o ENFOQUES-04/05  |p FICTICIO2288  |r 2019-01-08 00:00:00  |t 1  |w 2017-08-03  |y REVA 
999 |c 31369  |d 31369